<?xml version="1.0" encoding="UTF-8"?>
<record
    xmlns:xsi="http://www.w3.org/2001/XMLSchema-instance"
    xsi:schemaLocation="http://www.loc.gov/MARC21/slim http://www.loc.gov/standards/marcxml/schema/MARC21slim.xsd"
    xmlns="http://www.loc.gov/MARC21/slim">

  <leader>00829nam a22002297a 4500</leader>
  <datafield tag="999" ind1=" " ind2=" ">
    <subfield code="c">162826</subfield>
    <subfield code="d">162826</subfield>
  </datafield>
  <controlfield tag="005">20190322125753.0</controlfield>
  <datafield tag="010" ind1=" " ind2=" ">
    <subfield code="a">ENG-124908</subfield>
  </datafield>
  <datafield tag="020" ind1=" " ind2=" ">
    <subfield code="a">9789381496503</subfield>
    <subfield code="c">215.00</subfield>
  </datafield>
  <datafield tag="035" ind1=" " ind2=" ">
    <subfield code="a">EN-108440</subfield>
  </datafield>
  <datafield tag="037" ind1=" " ind2=" ">
    <subfield code="b">DBAD/PUB</subfield>
  </datafield>
  <datafield tag="082" ind1=" " ind2=" ">
    <subfield code="a">611.0014</subfield>
  </datafield>
  <datafield tag="100" ind1=" " ind2=" ">
    <subfield code="a">Mehta, Lopa A.</subfield>
  </datafield>
  <datafield tag="245" ind1=" " ind2=" ">
    <subfield code="a">Understaning anatomical terms:</subfield>
    <subfield code="c">by Lopa A. Mehta; M. Natarajan [and] Manu V.L. Kothari</subfield>
    <subfield code="b">a rapid reader companion to the study of anatomy/</subfield>
  </datafield>
  <datafield tag="250" ind1=" " ind2=" ">
    <subfield code="a">3rd edn.</subfield>
  </datafield>
  <datafield tag="260" ind1=" " ind2=" ">
    <subfield code="a">Mumbai</subfield>
    <subfield code="b">Bhalani Publishing House</subfield>
    <subfield code="c">2019</subfield>
  </datafield>
  <datafield tag="270" ind1=" " ind2=" ">
    <subfield code="a">11 Mavawala Building, Opp. Seth G.S. Medical College &amp; K.E.M. Hospital</subfield>
    <subfield code="b">Mumbai</subfield>
    <subfield code="e">400012</subfield>
    <subfield code="m">info@bhalani.com</subfield>
  </datafield>
  <datafield tag="300" ind1=" " ind2=" ">
    <subfield code="a">xiv, 342p. </subfield>
    <subfield code="c">20cm.(pbk)</subfield>
  </datafield>
  <datafield tag="500" ind1=" " ind2=" ">
    <subfield code="a">It includes bibliography and index</subfield>
  </datafield>
  <datafield tag="700" ind1=" " ind2=" ">
    <subfield code="a">Natarajan, M.</subfield>
  </datafield>
  <datafield tag="700" ind1=" " ind2=" ">
    <subfield code="a">Kothari, Manu V.L.</subfield>
  </datafield>
  <datafield tag="942" ind1=" " ind2=" ">
    <subfield code="2">ddc</subfield>
    <subfield code="c">EN</subfield>
    <subfield code="h">611.0014</subfield>
    <subfield code="m">MEH</subfield>
  </datafield>
  <datafield tag="952" ind1=" " ind2=" ">
    <subfield code="0">0</subfield>
    <subfield code="1">0</subfield>
    <subfield code="4">0</subfield>
    <subfield code="7">1</subfield>
    <subfield code="8">NFIC</subfield>
    <subfield code="a">DBAD</subfield>
    <subfield code="b">BL1</subfield>
    <subfield code="d">2019-03-22</subfield>
    <subfield code="e">DBAD/PUB</subfield>
    <subfield code="g">215.00</subfield>
    <subfield code="l">0</subfield>
    <subfield code="o">611.0014 MEH</subfield>
    <subfield code="p">EN-108440</subfield>
    <subfield code="r">2019-03-22 00:00:00</subfield>
    <subfield code="t">1</subfield>
    <subfield code="v">215.00</subfield>
    <subfield code="y">EN</subfield>
  </datafield>
</record>
